000 00362 a2200133 4500
005 20250618130843.0
020 _a471-52001-2
082 _a621.3192 LEA
100 _aLEACH, D. P.
245 _aBasic Electric Circuits
260 _aNew York,
_bJohn Wiley & Sons., Inc.,
_c1969.
300 _axiii, 665p.: ill.; figure, table.
_bIndex,
_c23cm.
942 _2ddc
_cBKS
999 _c4302
_d4302